[Event "DEM U10w 2019"]
[Site "Willingen GER"]
[Date "2019.06.14"]
[Round "9"]
[White "Trunz, Tamila"]
[Black "Mirnaya, Veronika"]
[Result "1-0"]
[Termination "normal"]
[Board "1"]
[WhiteElo "1273"]
[BlackElo "1237"]
[WhiteClock "00:04:25"]
[BlackClock "00:01:05"]
[PlyCount "73"]
[WhiteFideId "16267885"]
[BlackFideId "16277406"]
[EventCountry "GER"]
[EventRounds "11"]
[EventType "swiss"]
[EventDate "2019.06.08"]

1. e4 {[%clk 1:15:58]} 1... e5 {[%clk 1:15:51]} 2. Nf3 {[%clk 1:16:16]} 2...
Nc6 {[%clk 1:16:10]} 3. d4 {[%clk 1:16:35]} 3... exd4 {[%clk 1:16:20]} 4. Bc4 {
[%clk 1:16:49]} 4... Nf6 {[%clk 1:15:47]} 5. e5 {[%clk 1:16:51]} 5... d5 {
[%clk 1:14:46]} 6. Bb5 {[%clk 1:16:36]} 6... Ne4 {[%clk 1:14:55]} 7. Nxd4 {
[%clk 1:16:22]} 7... Bd7 {[%clk 1:14:17]} 8. Bxc6 {[%clk 1:16:30]} 8... bxc6 {
[%clk 1:14:15]} 9. O-O {[%clk 1:15:52]} 9... Bc5 {[%clk 1:14:02]} 10. c3 {
[%clk 1:14:14]} 10... O-O {[%clk 1:13:49]} 11. f3 {[%clk 1:12:41]} 11... Ng5 {
[%clk 1:13:06]} 12. f4 {[%clk 1:10:16]} 12... Ne4 {[%clk 1:10:32]} 13. Nd2 {
[%clk 1:08:53]} 13... Bf5 {[%clk 1:09:32]} 14. Nxe4 {[%clk 1:07:21]} 14... Bxe4
{[%clk 1:09:52]} 15. Qg4 {[%clk 1:04:23]} 15... Qe7 {[%clk 0:54:32]} 16. Kh1 {
[%clk 1:02:51]} 16... Bxd4 {[%clk 0:54:29]} 17. cxd4 {[%clk 1:02:57]} 17... f6
{[%clk 0:50:51]} 18. Bd2 {[%clk 0:59:09]} 18... Bd3 {[%clk 0:49:18]} 19. Rfe1 {
[%clk 0:53:20]} 19... Rfe8 {[%clk 0:37:28]} 20. Rac1 {[%clk 0:48:43]} 20... Qe6
{[%clk 0:26:45]} 21. Qg3 {[%clk 0:43:38]} 21... Be4 {[%clk 0:24:24]} 22. Rc5 {
[%clk 0:37:38]} 22... Rab8 {[%clk 0:23:18]} 23. b3 {[%clk 0:36:04]} 23... Rb5 {
[%clk 0:19:53]} 24. Rc3 {[%clk 0:34:51]} 24... Qf7 {[%clk 0:14:55]} 25. Rxc6 {
[%clk 0:33:32]} 25... Re6 {[%clk 0:14:46]} 26. Rec1 {[%clk 0:28:06]} 26... Rb7
{[%clk 0:13:29]} 27. Qg4 {[%clk 0:24:10]} 27... f5 {[%clk 0:10:20]} 28. Qh4 {
[%clk 0:19:45]} 28... Re7 {[%clk 0:04:43]} 29. Ba5 {[%clk 0:11:58]} 29... h6 {
[%clk 0:03:44]} 30. Bxc7 {[%clk 0:05:19]} 30... Rbxc7 {[%clk 0:01:29]} 31. Rxc7
{[%clk 0:04:58]} 31... g5 {[%clk 0:00:41]} 32. Rc8+ {[%clk 0:04:56]} 32... Kg7
{[%clk 0:00:41]} 33. fxg5 {[%clk 0:04:11]} 33... hxg5 {[%clk 0:01:10]} 34.
Qxg5+ {[%clk 0:04:27]} 34... Qg6 {[%clk 0:01:33]} 35. Rg8+ {[%clk 0:04:24]}
35... Kxg8 {[%clk 0:01:30]} 36. Qxg6+ 36... Rg7 {[%clk 0:01:05]} 37. Rc8# {
[%clk 0:04:25]} 1-0

[Event "DEM U10w 2019"]
[Site "Willingen GER"]
[Date "2019.06.14"]
[Round "9"]
[White "Glotz, Diana"]
[Black "Bangiev, Katharina"]
[Result "1-0"]
[Termination "normal"]
[Board "3"]
[WhiteElo "1244"]
[BlackElo "1003"]
[WhiteClock "00:14:26"]
[BlackClock "00:42:19"]
[PlyCount "63"]
[WhiteFideId "16278500"]
[BlackFideId "16267230"]
[EventCountry "GER"]
[EventRounds "11"]
[EventType "swiss"]
[EventDate "2019.06.08"]

1. c4 {[%clk 1:15:57]} 1... g6 {[%clk 1:15:50]} 2. Nc3 {[%clk 1:16:10]} 2...
Bg7 {[%clk 1:16:13]} 3. g3 {[%clk 1:16:10]} 3... Nf6 {[%clk 1:16:30]} 4. Bg2 {
[%clk 1:15:55]} 4... O-O {[%clk 1:16:47]} 5. e3 {[%clk 1:15:42]} 5... d6 {
[%clk 1:17:00]} 6. d4 {[%clk 1:15:13]} 6... Nc6 {[%clk 1:17:18]} 7. Rb1 { [%clk
1:14:47]} 7... e5 {[%clk 1:17:21]} 8. Nge2 {[%clk 1:14:31]} 8... Re8 { [%clk
1:15:58]} 9. O-O {[%clk 1:14:13]} 9... Bd7 {[%clk 1:14:50]} 10. b4 { [%clk
1:11:18]} 10... a6 {[%clk 1:14:15]} 11. a4 {[%clk 1:10:50]} 11... Qc8 { [%clk
1:12:10]} 12. Re1 {[%clk 1:09:29]} 12... Bh3 {[%clk 1:11:01]} 13. Bh1 { [%clk
1:08:11]} 13... Nh5 {[%clk 1:05:43]} 14. Nd5 {[%clk 0:52:59]} 14... Be6 { [%clk
1:03:28]} 15. Qd3 {[%clk 0:44:46]} 15... exd4 {[%clk 1:02:38]} 16. exd4 { [%clk
0:36:48]} 16... Bf5 {[%clk 1:02:54]} 17. Qb3 {[%clk 0:21:57]} 17... Bxb1 {[%clk
1:03:05]} 18. Qxb1 {[%clk 0:22:17]} 18... Nxd4 {[%clk 1:03:08]} 19. Qa2 {[%clk
0:18:32]} 19... Nxe2+ {[%clk 0:59:19]} 20. Rxe2 {[%clk 0:18:52]} 20... Rxe2
{[%clk 0:59:27]} 21. Qxe2 {[%clk 0:19:10]} 21... Nf6 {[%clk 0:59:11]} 22. Ne7+
{[%clk 0:19:28]} 22... Kf8 {[%clk 0:56:11]} 23. Nxc8 {[%clk 0:19:52]} 23...
Rxc8 {[%clk 0:56:35]} 24. Bxb7 {[%clk 0:19:20]} 24... Rb8 {[%clk 0:56:39] } 25.
Bxa6 {[%clk 0:18:21]} 25... Rxb4 {[%clk 0:57:01]} 26. Qc2 {[%clk 0:16:43] }
26... Nd7 {[%clk 0:55:35]} 27. Bb5 {[%clk 0:13:44]} 27... c6 {[%clk 0:42:09]}
28. Ba3 {[%clk 0:13:23]} 28... cxb5 {[%clk 0:42:11]} 29. Bxb4 {[%clk 0:13:45]}
29... bxa4 {[%clk 0:42:08]} 30. Bxd6+ {[%clk 0:13:56]} 30... Kg8 { [%clk
0:42:25]} 31. Qxa4 {[%clk 0:14:15]} 31... Nb6 {[%clk 0:42:19]} 32. Qe8+ { [%clk
0:14:26]} 1-0

[Event "DEM U10w 2019"]
[Site "Willingen GER"]
[Date "2019.06.14"]
[Round "9"]
[White "Ezold, Johanna Sophie"]
[Black "Haug, Mara"]
[Result "1-0"]
[Termination "normal"]
[Board "4"]
[WhiteElo "1076"]
[BlackElo "1097"]
[WhiteClock "01:02:18"]
[BlackClock "00:28:23"]
[PlyCount "77"]
[WhiteFideId "16275411"]
[BlackFideId "16259300"]
[EventCountry "GER"]
[EventRounds "11"]
[EventType "swiss"]
[EventDate "2019.06.08"]

1. e4 {[%clk 1:15:59]} 1... d6 {[%clk 1:15:54]} 2. d4 {[%clk 1:15:41]} 2... Nf6
{[%clk 1:16:13]} 3. Nc3 {[%clk 1:15:58]} 3... g6 {[%clk 1:16:23]} 4. Bc4 {
[%clk 1:15:31]} 4... Bg7 {[%clk 1:15:25]} 5. Nf3 {[%clk 1:15:20]} 5... Nxe4 {
[%clk 1:13:55]} 6. Ng5 {[%clk 1:11:14]} 6... Nxg5 {[%clk 1:11:55]} 7. Bxg5 {
[%clk 1:11:21]} 7... O-O {[%clk 1:08:21]} 8. Qe2 {[%clk 1:10:54]} 8... Re8 {
[%clk 1:02:22]} 9. O-O {[%clk 1:11:14]} 9... h6 {[%clk 0:53:19]} 10. Bh4 {
[%clk 1:10:44]} 10... Qd7 {[%clk 0:50:36]} 11. Rad1 {[%clk 1:09:12]} 11... Qg4
{[%clk 0:47:30]} 12. Qxg4 {[%clk 1:08:37]} 12... Bxg4 {[%clk 0:47:51]} 13. Rde1
{[%clk 1:08:48]} 13... g5 {[%clk 0:46:29]} 14. Bg3 {[%clk 1:08:54]} 14... Bxd4
{[%clk 0:46:35]} 15. Nd5 {[%clk 1:06:25]} 15... Be6 {[%clk 0:44:04]} 16. Rxe6 {
[%clk 0:59:20]} 16... fxe6 {[%clk 0:44:12]} 17. Nxc7 {[%clk 0:59:36]} 17... Rd8
{[%clk 0:41:46]} 18. Nxa8 {[%clk 0:59:47]} 18... d5 {[%clk 0:40:16]} 19. Bb3 {
[%clk 1:00:04]} 19... Na6 {[%clk 0:40:17]} 20. Nc7 {[%clk 1:00:24]} 20... Bxb2
{[%clk 0:39:12]} 21. Nxe6 {[%clk 1:00:24]} 21... Rd7 {[%clk 0:38:42]} 22. Ba4 {
[%clk 1:00:21]} 22... b5 {[%clk 0:38:05]} 23. Bxb5 {[%clk 1:00:41]} 23... Rb7 {
[%clk 0:38:27]} 24. Bxa6 24... Rb6 {[%clk 0:38:53]} 25. Bc8 {[%clk 0:59:35]}
25... Rb8 {[%clk 0:35:05]} 26. Bd7 {[%clk 0:59:56]} 26... Rb7 {[%clk 0:34:55]}
27. Nc5 {[%clk 1:00:09]} 27... Rb4 {[%clk 0:34:21]} 28. Nd3 {[%clk 1:00:18]}
28... Rb7 {[%clk 0:34:35]} 29. Be6+ {[%clk 1:00:25]} 29... Kf8 {[%clk 0:34:33]}
30. Nxb2 {[%clk 1:00:27]} 30... Rxb2 {[%clk 0:34:52]} 31. Bxd5 {[%clk 1:00:47]}
31... Rxc2 {[%clk 0:32:32]} 32. Bb3 {[%clk 1:01:02]} 32... Rc3 {[%clk 0:31:21]}
33. Rd1 {[%clk 1:01:15]} 33... Kg7 {[%clk 0:29:36]} 34. Be5+ {[%clk 1:01:24]}
34... Kg6 {[%clk 0:30:00]} 35. Bxc3 {[%clk 1:01:32]} 35... Kh5 {[%clk 0:28:51]}
36. Bc2 {[%clk 1:01:49]} 36... e6 {[%clk 0:28:40]} 37. f3 {[%clk 1:02:06]}
37... a6 {[%clk 0:28:28]} 38. Be1 {[%clk 1:02:18]} 38... e5 {[%clk 0:28:23]}
39. g4# 1-0

[Event "DEM U10w 2019"]
[Site "Willingen GER"]
[Date "2019.06.14"]
[Round "9"]
[White "Oellrich, Emma"]
[Black "Heutling, Sarah"]
[Result "0-1"]
[Termination "normal"]
[Board "5"]
[WhiteElo "1484"]
[BlackElo "1147"]
[WhiteClock "00:00:47"]
[BlackClock "01:00:48"]
[PlyCount "134"]
[WhiteFideId "16268806"]
[BlackFideId "16287304"]
[EventCountry "GER"]
[EventRounds "11"]
[EventType "swiss"]
[EventDate "2019.06.08"]

1. e4 {[%clk 1:15:55]} 1... e5 {[%clk 1:15:54]} 2. Nf3 {[%clk 1:16:18]} 2...
Nc6 {[%clk 1:16:16]} 3. Bc4 {[%clk 1:16:33]} 3... Bc5 {[%clk 1:16:36]} 4. c3 {
[%clk 1:16:46]} 4... Nf6 {[%clk 1:16:57]} 5. d4 {[%clk 1:16:52]} 5... exd4 {
[%clk 1:17:14]} 6. e5 {[%clk 1:16:54]} 6... d5 {[%clk 1:17:29]} 7. Bb5 { [%clk
1:17:16]} 7... Ne4 {[%clk 1:17:42]} 8. cxd4 {[%clk 1:17:23]} 8... Bb6 { [%clk
1:17:59]} 9. Nc3 {[%clk 1:17:28]} 9... O-O {[%clk 1:17:55]} 10. Be3 { [%clk
1:17:35]} 10... Bg4 {[%clk 1:18:03]} 11. h3 {[%clk 1:17:51]} 11... Bh5 { [%clk
1:18:14]} 12. Qc2 {[%clk 1:18:05]} 12... Bg6 {[%clk 1:18:10]} 13. Qb3 { [%clk
1:18:12]} 13... Nxc3 {[%clk 1:18:03]} 14. bxc3 {[%clk 1:17:02]} 14... f6 {[%clk
1:13:00]} 15. Bxc6 {[%clk 1:15:31]} 15... bxc6 {[%clk 1:13:15]} 16. O-O {[%clk
1:15:43]} 16... fxe5 {[%clk 1:12:06]} 17. Nxe5 {[%clk 1:13:12]} 17... Qd6
{[%clk 1:06:57]} 18. Qa4 {[%clk 1:07:01]} 18... c5 {[%clk 1:04:50]} 19. Nxg6
{[%clk 1:07:17]} 19... hxg6 {[%clk 1:03:58]} 20. Rac1 {[%clk 1:01:45]} 20... c6
{[%clk 1:02:45]} 21. Qa3 {[%clk 1:00:35]} 21... Bc7 {[%clk 1:02:26]} 22. g3
{[%clk 1:00:30]} 22... Rf3 {[%clk 1:01:21]} 23. Bf4 {[%clk 0:58:16]} 23... Rxf4
{[%clk 0:58:41]} 24. gxf4 {[%clk 0:58:21]} 24... Qxf4 { [%clk 0:59:02]} 25.
Rfe1 {[%clk 0:58:36]} 25... Qh2+ {[%clk 0:58:32]} 26. Kf1 { [%clk 0:58:53]}
26... Qxh3+ {[%clk 0:58:47]} 27. Ke2 {[%clk 0:59:09]} 27... Re8+ {[%clk
0:58:27]} 28. Kd2 {[%clk 0:56:28]} 28... Bf4+ {[%clk 0:58:27]} 29. Kc2 {[%clk
0:55:49]} 29... Qf5+ {[%clk 0:58:41]} 30. Kb3 {[%clk 0:52:56]} 30... Rb8+
{[%clk 0:58:28]} 31. Ka4 {[%clk 0:52:58]} 31... Bxc1 {[%clk 0:58:12]} 32. Rxc1
{[%clk 0:51:25]} 32... Qc8 {[%clk 0:58:23]} 33. Qxc5 {[%clk 0:47:17]} 33...
Qa6+ {[%clk 0:58:11]} 34. Qa5 {[%clk 0:46:14]} 34... Qc4+ {[%clk 0:58:08] } 35.
Ka3 {[%clk 0:40:37]} 35... Rb6 {[%clk 0:57:23]} 36. Qxa7 {[%clk 0:38:28]} 36...
Ra6+ {[%clk 0:57:43]} 37. Qxa6 {[%clk 0:38:49]} 37... Qxa6+ { [%clk 0:58:08]}
38. Kb2 {[%clk 0:39:02]} 38... Qc4 {[%clk 0:57:21]} 39. Ra1 { [%clk 0:36:35]}
39... c5 {[%clk 0:56:03]} 40. dxc5 {[%clk 0:36:19]} 40... Qxc5 {[%clk 0:56:25]}
41. a4 {[%clk 0:34:48]} 41... Qxf2+ {[%clk 0:56:39]} 42. Kb3 { [%clk 0:35:01]}
42... Qb6+ {[%clk 0:56:35]} 43. Kc2 {[%clk 0:34:49]} 43... d4 { [%clk 0:55:40]}
44. a5 {[%clk 0:33:16]} 44... Qa6 {[%clk 0:53:19]} 45. cxd4 { [%clk 0:29:47]}
45... Qc4+ {[%clk 0:53:38]} 46. Kb2 {[%clk 0:28:16]} 46... Qxd4+ {[%clk
0:53:57]} 47. Kb1 {[%clk 0:28:24]} 47... g5 {[%clk 0:54:00]} 48. a6 {[%clk
0:28:13]} 48... Qa7 {[%clk 0:53:41]} 49. Kb2 {[%clk 0:27:55]} 49... g4 {[%clk
0:53:51]} 50. Ra3 {[%clk 0:27:37]} 50... g3 51. Rxg3 {[%clk 0:24:49]} 51...
Qxa6 {[%clk 0:54:24]} 52. Rc3 {[%clk 0:25:06]} 52... Qf6 {[%clk 0:53:15]} 53.
Kc2 {[%clk 0:25:10]} 53... g5 {[%clk 0:52:12]} 54. Kd2 {[%clk 0:23:47]} 54...
g4 {[%clk 0:50:55]} 55. Re3 {[%clk 0:23:00]} 55... Qf2+ {[%clk 0:50:17]} 56.
Re2 {[%clk 0:22:20]} 56... Qf4+ {[%clk 0:50:35]} 57. Ke1 {[%clk 0:05:12]} 57...
Qf3 {[%clk 0:49:49]} 58. Rf2 {[%clk 0:00:31]} 58... Qh3 {[%clk 0:48:42]} 59.
Ke2 {[%clk 0:11:50]} 59... g3 {[%clk 1:03:45]} 60. Rf1 {[%clk 0:10:19]} 60...
Qh2+ {[%clk 1:02:45]} 61. Kf3 {[%clk 0:01:24]} 61... g2 {[%clk 1:02:45]} 62.
Ra1 {[%clk 0:00:47]} 62... g1=Q {[%clk 1:01:53]} 63. Ra8+ {[%clk 0:00:38]}
63... Kf7 {[%clk 1:02:09]} 64. Ra6 {[%clk 0:00:31]} 64... Qh4 {[%clk 1:00:14]}
65. Ra2 {[%clk 0:00:36]} 65... Qgg3+ {[%clk 1:00:25]} 66. Ke2 {[%clk 0:00:39]}
66... Qhh2+ {[%clk 1:00:48]} 67. Kf1 {[%clk 0:00:47]} 67... Qgg1# 0-1

[Event "DEM U10w 2019"]
[Site "Willingen GER"]
[Date "2019.06.14"]
[Round "9"]
[White "Jannicke, Svea"]
[Black "Krasikova, Milana"]
[Result "1-0"]
[Termination "normal"]
[Board "6"]
[WhiteElo "1062"]
[BlackElo "1023"]
[WhiteClock "01:07:45"]
[BlackClock "00:48:26"]
[PlyCount "97"]
[WhiteFideId "16287320"]
[BlackFideId "16287347"]
[EventCountry "GER"]
[EventRounds "11"]
[EventType "swiss"]
[EventDate "2019.06.08"]

1. Nf3 {[%clk 1:15:55]} 1... Nf6 {[%clk 1:15:55]} 2. d4 {[%clk 1:15:46]} 2...
d5 {[%clk 1:16:17]} 3. c3 {[%clk 1:15:54]} 3... e6 {[%clk 1:16:37]} 4. Bf4 {
[%clk 1:16:17]} 4... c5 {[%clk 1:16:49]} 5. e3 {[%clk 1:16:40]} 5... Nc6 {
[%clk 1:17:02]} 6. Bd3 {[%clk 1:16:53]} 6... b6 {[%clk 1:17:07]} 7. Nbd2 {
[%clk 1:17:15]} 7... Bb7 {[%clk 1:17:16]} 8. Ne5 {[%clk 1:16:35]} 8... Be7 {
[%clk 1:14:50]} 9. Ndf3 {[%clk 1:16:24]} 9... h6 {[%clk 1:14:38]} 10. O-O {
[%clk 1:16:29]} 10... Bd6 {[%clk 1:13:09]} 11. Qe2 {[%clk 1:16:16]} 11... c4 {
[%clk 1:10:26]} 12. Bc2 {[%clk 1:16:37]} 12... b5 {[%clk 1:09:52]} 13. a3 {
[%clk 1:16:30]} 13... a5 {[%clk 1:07:48]} 14. Nxc6 {[%clk 1:16:39]} 14... Bxc6
{[%clk 1:08:05]} 15. Ne5 {[%clk 1:17:03]} 15... Bb7 {[%clk 1:05:28]} 16. a4 {
[%clk 1:16:25]} 16... b4 {[%clk 1:04:20]} 17. Rfe1 {[%clk 1:13:25]} 17... b3 {
[%clk 1:04:32]} 18. Bd1 {[%clk 1:13:47]} 18... g5 {[%clk 0:59:25]} 19. Bg3 {
[%clk 1:13:35]} 19... h5 {[%clk 0:58:49]} 20. h3 {[%clk 1:14:00]} 20... h4 {
[%clk 0:58:40]} 21. Bh2 {[%clk 1:14:24]} 21... Qe7 {[%clk 0:56:16]} 22. Ng4 {
[%clk 1:14:08]} 22... Bxh2+ {[%clk 0:55:20]} 23. Nxh2 {[%clk 1:13:58]} 23...
O-O-O {[%clk 0:53:33]} 24. Ng4 {[%clk 1:12:45]} 24... Nxg4 {[%clk 0:53:13]} 25.
Qxg4 {[%clk 1:13:05]} 25... Rdg8 {[%clk 0:53:16]} 26. Qe2 {[%clk 1:12:05]}
26... Qd6 {[%clk 0:53:01]} 27. Qd2 {[%clk 1:11:11]} 27... f5 {[%clk 0:53:06]}
28. f3 {[%clk 1:10:41]} 28... Qg3 {[%clk 0:51:47]} 29. Qf2 {[%clk 1:10:38]}
29... Qxf2+ {[%clk 0:51:59]} 30. Kxf2 {[%clk 1:10:58]} 30... Kd7 { [%clk
0:52:18]} 31. f4 {[%clk 1:10:23]} 31... g4 {[%clk 0:52:09]} 32. hxg4 { [%clk
1:10:44]} 32... fxg4 {[%clk 0:52:33]} 33. Rc1 {[%clk 1:10:24]} 33... Ke7 {[%clk
0:52:34]} 34. Rh1 {[%clk 1:09:46]} 34... Kf6 {[%clk 0:52:42]} 35. Be2 { [%clk
1:09:57]} 35... Kf5 {[%clk 0:52:57]} 36. g3 {[%clk 1:09:51]} 36... h3 { [%clk
0:52:26]} 37. Rh2 {[%clk 1:07:01]} 37... Bc6 {[%clk 0:52:25]} 38. Rch1 { [%clk
1:06:58]} 38... Bxa4 {[%clk 0:52:43]} 39. Ra1 {[%clk 1:07:14]} 39... Bc6 {[%clk
0:52:37]} 40. Rxa5 {[%clk 1:07:34]} 40... Ra8 {[%clk 0:52:59]} 41. Rxa8 {[%clk
1:07:53]} 41... Rxa8 {[%clk 0:53:12]} 42. Rh1 {[%clk 1:07:37]} 42... Ke4 {[%clk
0:52:46]} 43. Bxg4 {[%clk 1:07:28]} 43... h2 {[%clk 0:50:57]} 44. Rxh2 { [%clk
1:07:29]} 44... Ra2 {[%clk 0:51:20]} 45. Ke1 {[%clk 1:07:35]} 45... Kxe3 {[%clk
0:49:54]} 46. Re2+ {[%clk 1:07:37]} 46... Kd3 {[%clk 0:50:00]} 47. Bxe6 {[%clk
1:07:14]} 47... Ra1+ {[%clk 0:49:30]} 48. Kf2 {[%clk 1:07:33]} 48... Rh1 {[%clk
0:48:26]} 49. Bf5# {[%clk 1:07:45]} 1-0

[Event "DEM U10w 2019"]
[Site "Willingen GER"]
[Date "2019.06.14"]
[Round "9"]
[White "Moldovan, Tatiana"]
[Black "Bakó, Evelin"]
[Result "0-1"]
[Termination "normal"]
[Board "7"]
[WhiteElo "1269"]
[BlackElo "1152"]
[PlyCount "108"]
[WhiteFideId "16287398"]
[BlackFideId "16271823"]
[EventCountry "GER"]
[EventRounds "11"]
[EventType "swiss"]
[EventDate "2019.06.08"]

1. e4 c5 2. d4 cxd4 3. c3 dxc3 4. Nxc3 e6 5. Nf3 Nc6 6. Bc4 Qc7 7. O-O Nf6 8.
Qe2 Ng4 9. h3 Nd4 10. hxg4 Nxe2+ 11. Bxe2 a6 12. Be3 b5 13. Rac1 Qb8 14. Rfd1
Bb4 15. Nb1 O-O 16. g3 Rd8 17. a3 Be7 18. Bf4 d6 19. Kg2 e5 20. Bg5 Bxg5 21.
Nxg5 h6 22. Nh3 Bb7 23. Bf3 Rc8 24. Nc3 Rd8 25. g5 hxg5 26. Nxg5 f6 27. Nh3 f5
28. Ng5 fxe4 29. Ncxe4 Bxe4 30. Bxe4 Ra7 31. Bh7+ Kf8 32. Ne6+ Kf7 33. Nxd8+
Qxd8 34. Be4 g6 35. Rh1 Kg7 36. Rcd1 Rd7 37. Bd5 a5 38. Bc6 Rc7 39. Bxb5 Rc2
40. b3 Qf6 41. Rhf1 e4 42. Kg1 Qf3 43. Rde1 d5 44. Re3 Qf5 45. f4 d4 46. Re2
Rc3 47. Kf2 Qxb5 48. Rxe4 Rc2+ 49. Kg1 Qxb3 50. Rf2 Qxg3+ 51. Kh1 Rxf2 52. Re7+
Kh6 53. Rh7+ Kxh7 54. f5 Qh2# 0-1

[Event "DEM U10w 2019"]
[Site "Willingen GER"]
[Date "2019.06.14"]
[Round "9"]
[White "Lichtenegger, Katharina"]
[Black "Halas, Neele Zoe"]
[Result "0-1"]
[Termination "normal"]
[Board "8"]
[WhiteElo "1238"]
[BlackElo "1109"]
[PlyCount "180"]
[WhiteFideId "16287355"]
[BlackFideId "16287282"]
[EventCountry "GER"]
[EventRounds "11"]
[EventType "swiss"]
[EventDate "2019.06.08"]

1. e4 e5 2. Nf3 Nc6 3. Bc4 Bc5 4. c3 Nf6 5. d3 O-O 6. O-O d5 7. exd5 Nxd5 8.
Bg5 f6 9. Be3 Bxe3 10. fxe3 Kh8 11. Qe2 Bg4 12. Qf2 Nb6 13. Bb5 Qd6 14. h3 Bf5
15. e4 Be6 16. Nbd2 a6 17. Bxc6 Qxc6 18. Nh4 Na4 19. b3 Nc5 20. Qf3 Qb6 21. Kh1
Rad8 22. Nc4 Bxc4 23. dxc4 Rd3 24. Qg4 Qe6 25. Qh5 Qf7 26. Qg4 Rxc3 27. Rf2 Re3
28. Re2 Rxe2 29. Qxe2 Rd8 30. Rd1 Rd7 31. Rd5 Rxd5 32. cxd5 g6 33. Qe3 b6 34.
b4 Nb7 35. Qd3 b5 36. a4 Qd7 37. Qe3 Qd6 38. Qa7 Nd8 39. axb5 axb5 40. Qb8 Qd7
41. Nf3 Kg7 42. g4 Nf7 43. Nd2 Nd6 44. h4 Qc8 45. Qa7 Qb7 46. Qf2 Qb6 47. Qg3
Nc4 48. Nb3 Qd6 49. Nc5 Nd2 50. Qd3 Nc4 51. g5 fxg5 52. Ne6+ Kh8 53. Qf3 Qe7
54. Nxg5 Nd6 55. h5 gxh5 56. Qxh5 Qg7 57. Ne6 Qf6 58. Nxc7 Qf1+ 59. Kh2 Qf2+
60. Kh3 Qe3+ 61. Kh4 Qxe4+ 62. Kh3 Qd3+ 63. Kh4 Qc4+ 64. Kg3 Qxc7 65. Qxe5+ Kg8
66. Kh2 Qc2+ 67. Kh1 Qd1+ 68. Kh2 Qd2+ 69. Kh1 Qh6+ 70. Kg1 Qg7+ 71. Qxg7+ Kxg7
72. Kf2 Kf6 73. Ke3 Ke5 74. Kf3 Kxd5 75. Kg4 Kc4 76. Kg5 Kxb4 77. Kh6 Kc3 78.
Kxh7 b4 79. Kg6 b3 80. Kf6 b2 81. Ke5 Nc4+ 82. Kd5 b1=Q 83. Kc5 Qf5+ 84. Kc6
Kd4 85. Kc7 Qf6 86. Kd7 Nb6+ 87. Kc7 Kc5 88. Kb8 Qd6+ 89. Kb7 Kb5 90. Ka7 Qc7#
0-1

[Event "DEM U10w 2019"]
[Site "Willingen GER"]
[Date "2019.06.14"]
[Round "9"]
[White "Tran, Hanna Emilie Mai Hoa"]
[Black "Bauer, Laura Sophie"]
[Result "0-1"]
[Termination "normal"]
[Board "9"]
[WhiteElo "1010"]
[BlackElo "1356"]
[PlyCount "58"]
[WhiteFideId "16267869"]
[BlackFideId "16253647"]
[EventCountry "GER"]
[EventRounds "11"]
[EventType "swiss"]
[EventDate "2019.06.08"]

1. e4 e5 2. Nf3 Nc6 3. Bc4 Bc5 4. Nc3 Nf6 5. d3 h6 6. O-O O-O 7. Qe2 d6 8. h3
Be6 9. Bb3 Qd7 10. Nd5 Bxd5 11. exd5 Nd4 12. Nxd4 exd4 13. Qf3 Rfe8 14. Qg3 Kh7
15. Bf4 g5 16. Bd2 a5 17. a3 Rg8 18. c3 Qf5 19. cxd4 Bxd4 20. Bc3 Bxc3 21. bxc3
Nh5 22. Qe3 g4 23. hxg4 Qxg4 24. g3 Rae8 25. Qd2 Re2 26. Qd1 Nxg3 27. d4 Nxf1+
28. Kxf1 Qf3 29. Qxe2 Qh1# 0-1

[Event "DEM U10w 2019"]
[Site "Willingen GER"]
[Date "2019.06.14"]
[Round "9"]
[White "Bakó, Isabella"]
[Black "Schülke, Rosalie"]
[Result "1-0"]
[Termination "normal"]
[Board "10"]
[WhiteElo "1215"]
[BlackElo "995"]
[PlyCount "79"]
[WhiteFideId "16287266"]
[BlackFideId "16287436"]
[EventCountry "GER"]
[EventRounds "11"]
[EventType "swiss"]
[EventDate "2019.06.08"]

1. d4 e6 2. Nf3 d5 3. e3 Bd7 4. Bd3 c5 5. b3 Nc6 6. Bb2 Bd6 7. Nbd2 Nf6 8. Ne5
Bxe5 9. dxe5 Ng8 10. O-O Nge7 11. f4 d4 12. Nc4 Nd5 13. e4 Ndb4 14. Nd6+ Kf8
15. Be2 Qc7 16. a3 Na6 17. Rc1 g6 18. c3 Qb6 19. Nc4 Qc7 20. cxd4 cxd4 21. Bxd4
f5 22. exf6 Re8 23. f7 Re7 24. Bxh8 Rxf7 25. Be5 Qd8 26. Nd6 Qb6+ 27. Kh1 Re7
28. Bf6 Nc5 29. Bxe7+ Kxe7 30. Nc4 Qc7 31. Qe1 Nxe4 32. Qh4+ Nf6 33. Ne5 Qd8
34. Rfd1 Ke8 35. Nxd7 Nxd7 36. Qxh7 Qe7 37. Qg8+ Nf8 38. Bd3 g5 39. Bg6+ Qf7
40. Qxf7# 1-0

[Event "DEM U10w 2019"]
[Site "Willingen GER"]
[Date "2019.06.14"]
[Round "9"]
[White "Moldovan, Stela"]
[Black "Czäczine, Paula"]
[Result "0-1"]
[Termination "normal"]
[Board "11"]
[WhiteElo "1193"]
[BlackElo "1170"]
[PlyCount "44"]
[WhiteFideId "16287380"]
[BlackFideId "16249305"]
[EventCountry "GER"]
[EventRounds "11"]
[EventType "swiss"]
[EventDate "2019.06.08"]

1. e4 e5 2. Nf3 Nc6 3. Bb5 a6 4. Ba4 Nf6 5. d4 exd4 6. O-O Be7 7. Re1 b5 8. e5
Nxe5 9. Nxe5 bxa4 10. Qxd4 Rb8 11. Qxa4 Rb4 12. Qa5 O-O 13. Rd1 Bb7 14. a4 Rh4
15. Bg5 Rh5 16. Qd2 Ne4 17. Bxe7 Qxe7 18. Qxd7 Qxe5 19. Qd8 Qxh2+ 20. Kf1 Qf4
21. Qd4 Ng3+ 22. Ke1 Rh1# 0-1

[Event "DEM U10w 2019"]
[Site "Willingen GER"]
[Date "2019.06.14"]
[Round "9"]
[White "Moradi, Yassaman"]
[Black "Neininger, Sarah"]
[Result "1/2-1/2"]
[Termination "normal"]
[Board "12"]
[WhiteElo "1174"]
[BlackElo "920"]
[PlyCount "54"]
[WhiteFideId "16279964"]
[BlackFideId "16287410"]
[EventCountry "GER"]
[EventRounds "11"]
[EventType "swiss"]
[EventDate "2019.06.08"]

1. e4 d5 2. exd5 Nf6 3. Nf3 Nxd5 4. d4 g6 5. Be2 Bg7 6. O-O O-O 7. c4 Nb6 8.
Nc3 Nc6 9. d5 Ne5 10. c5 Nbd7 11. Be3 Nf6 12. Nxe5 Bf5 13. Rc1 Ne4 14. Nf3 e6
15. Nxe4 Bxe4 16. d6 Bxb2 17. Rc4 Bd5 18. Rc2 Bg7 19. Bc4 Be4 20. Re2 Bxf3 21.
gxf3 Qh4 22. Bd4 Bxd4 23. Re4 Qg5+ 24. Kh1 Bg7 25. Qb3 Qf5 26. Be2 Qxc5 27. d7
Rad8 1/2-1/2

[Event "DEM U10w 2019"]
[Site "Willingen GER"]
[Date "2019.06.14"]
[Round "9"]
[White "Müller, Riyanna"]
[Black "Niederdorfer, Mathilda"]
[Result "1-0"]
[Termination "normal"]
[Board "13"]
[WhiteElo "918"]
[BlackElo "1036"]
[PlyCount "71"]
[WhiteFideId "16287401"]
[BlackFideId "16275845"]
[EventCountry "GER"]
[EventRounds "11"]
[EventType "swiss"]
[EventDate "2019.06.08"]

1. e4 d5 2. exd5 Qxd5 3. Nc3 Qd6 4. d4 c6 5. Nge2 Nf6 6. Bf4 Qd8 7. Qd2 Bf5 8.
O-O-O e6 9. h3 Bd6 10. g4 Be4 11. Nxe4 Nxe4 12. Qe3 Bxf4 13. Nxf4 Nd6 14. Qe5
Rg8 15. Bd3 Qe7 16. Bxh7 Nd7 17. Qa5 b6 18. Qa3 Rh8 19. Bg6 fxg6 20. Nxg6 Qg5+
21. Kb1 Qxg6 22. Qxd6 Rc8 23. Rde1 Nf8 24. f4 Qf7 25. f5 Qd7 26. Qe5 Ke7 27.
Qxg7+ Kd8 28. Qxh8 Kc7 29. Qe5+ Kb7 30. fxe6 Qe7 31. h4 Ng6 32. Qh5 Nf4 33. Qf5
Rf8 34. Qe5 Ng2 35. Rhf1 Qxh4 36. e7 1-0